000 00737nam a2200253Ia 4500
003 OSt
005 20220928121407.0
006 a|||||r|||| 00| 0
007 ta
008 220927b |||||||| |||| 00| 0 eng d
020 _c2615.5999999999999
024 _a129666
037 _b339, 15/03/2016, Classic Book Service
_cTextual
040 _aSDCL
_cSDCL
_beng
041 _2eng
_aeng
082 _aR2, Q5
100 _aAlfano Mark Ed.
_9451867
245 0 _aCurrent controversies in virtue theory
260 _aNew York
_b Routledge
_c2015
300 _axii;161p.
_ccm.
650 _aPhilosophy
942 _hR2, Q5
_cTEXL
_2CC
999 _c765873
_d765873